When the world shook : being an account of the great adventure of Bastin, Bickley and Arbuthnot /

Bibliographic Details
Main Author: Haggard, H. Rider (Henry Rider), 1856-1925
Format: Book
Language:English
Published: London ; New York : Cassell, 1921.
Edition:Popular ed.

MARC

Tag First Indicator Second Indicator Subfields
LEADER 00000cam a2200000 a 4500
001 in00000636021
005 20151015055329.0
008 820106r19211919enk 00011 eng d
035 |a (OCoLC)08043966 
035 |9 ACV0879AM 
040 |a TXA  |c TXA  |d UtOrBLW 
049 |a TXAS  |c [1701718] 
090 |a PR4731  |b .W49 1921 
100 1 |a Haggard, H. Rider  |q (Henry Rider),  |d 1856-1925. 
245 1 0 |a When the world shook :  |b being an account of the great adventure of Bastin, Bickley and Arbuthnot /  |c by H. Rider Haggard. 
250 |a Popular ed. 
264 1 |a London ;  |a New York :  |b Cassell,  |c 1921. 
300 |a 272 pages ;  |c 19 cm. 
336 |a text  |b txt  |2 rdacontent 
337 |a unmediated  |b n  |2 rdamedia 
338 |a volume  |b nc  |2 rdacarrier 
500 |a Reprint. Originally published in book form: London : Cassell, 1919. Previously published serially: New York : Paget Newspaper Service, c1918. 
999 |a MARS 
999 f f |s dbbf08fd-2a5b-3daf-88b8-3aa3ec44c05d  |i e4648808-74de-3ea8-90b4-1bd0630fc663  |t 0 
952 f f |p noncirc  |a Texas A&M University  |b College Station  |c Cushing Memorial Library & Archives  |d Cushing: Science Fiction (Does not check out)  |t 0  |e PR4731 .W49 1921  |h Library of Congress classification  |i unmediated -- volume  |m A14800388308 
998 f f |a PR4731 .W49 1921  |t 0  |l Cushing: Science Fiction (Does not check out)